000
00300nam a2200133Ia 4500
008
240624s9999 xx 000 0 und d
041
_a
eng
082
_a
823 LOR
100
_a
LORE PITTACUS
245
_a
RISE OF NINE
260
_c
2013
_a
New Delhi
_b
Penguin
300
_a
400 : p.
365
_c
RS
_b
30
999
_c
26989
_d
26989